Environment and development : an economic approach

Αποθηκεύτηκε σε:
Λεπτομέρειες βιβλιογραφικής εγγραφής
Κύριος συγγραφέας: Bojo, Jan
Άλλοι συγγραφείς: Maler, Karl-Goran, Unemo, Lena
Μορφή: Βιβλίο
Γλώσσα:English
Δημοσίευση: Boston : Kluwer Academic , c1992
Έκδοση:2nd ed., rev.
Σειρά:Economy & environment ; ; 6
Θέματα:
Ετικέτες: Προσθήκη ετικέτας
Δεν υπάρχουν, Καταχωρήστε ετικέτα πρώτοι!

MARC

LEADER 00000pam a2200000 i 4500
001 1/94103
008 940907s1992 eng d
020 |a 0-7923-1878-1 
035 |l 10009094 
040 |a GR-MY-UA  |b gre  |e aacr 
041 0 |a eng 
082 0 |a 333.72 
100 1 |a Bojo, Jan. 
245 1 0 |a Environment and development :  |b an economic approach /  |c Jan Bojo, Karl-Goran Maler and Lena Unemo 
250 |a 2nd ed., rev. 
260 |a Boston :   |b Kluwer Academic ,   |c c1992 
300 |a ix, 211 σ.;  |b εικ.;  |c 25 εκ. 
490 1 |a Economy & environment  |v ; 6 
504 |a Περιέχει βιβλιογραφικές παραπομπές (σ. [194]-208) και ευρετήριο 
650 0 0 |a Economic development  |x Environmental aspects. 
700 1 |a Maler, Karl-Goran. 
700 1 |a Unemo, Lena. 
830 0 |a Economy & environment ;  |v ; 6 
852 |a INST  |b LESVOS  |e 19940907  |h 333.72 BOJ  |p 005100003527  |q 005100003527  |t BK  |y 0 
909 |a Λ  |b 035731